[Event "22nd ch-EUR Indiv 2022"]
[Site "Terme Catez SLO"]
[Date "2022.04.05"]
[Round "10.51"]
[White "Gagunashvili, Merab"]
[Black "Buksa, Nataliya"]
[Result "1/2-1/2"]
[WhiteTitle "GM"]
[BlackTitle "IM"]
[WhiteElo "2575"]
[BlackElo "2401"]
[WhiteFideId "13601652"]
[BlackFideId "14123622"]
[EventDate "2022.03.27"]

1. Nf3 c5 2. g3 Nc6 3. Bg2 e5 4. c4 g6 5. Nc3 Bg7 6. d3 Nge7 7. O-O d6 8. a3 O-O
9. Rb1 a5 10. Ne1 Be6 11. Nc2 d5 12. cxd5 Nxd5 13. Ne3 Nce7 14. Qa4 b6 15. Nexd5
Nxd5 16. Qb5 a4 17. Nxd5 Bxd5 18. Bxd5 Qxd5 19. b3 e4 20. Rd1 exd3 21. Rxd3 Qe4
22. Be3 axb3 23. Rdxb3 Rfc8 24. Qd3 Qa4 25. Rxb6 c4 26. Qd5 c3 27. Rb7 Qe8 28.
Rd7 Ra5 29. Qd3 c2 30. Rbb7 Qxe3 31. Qxe3 c1=Q+ 32. Qxc1 Rxc1+ 33. Kg2 Bf8 34.
Rxf7 Rc2 35. e4 Rxa3 36. Rxh7 Re2 37. Rhf7 Raa2 38. Rf6 Bc5 39. Rxg6+ Kh8 40.
Rh6+ Kg8 41. Rg6+ Kh8 42. h4 Rxf2+ 43. Kh3 Rae2 44. Rb5 Rh2+ 45. Kg4 Rxe4+ 46.
Kf5 Rc4 47. Rc6 Rf2+ 48. Kg6 Rg4+ 49. Kh5 Rxg3 50. Rbxc5 Rf7 51. Rh6+ Kg7 52.
Rg5+ Rxg5+ 53. hxg5 1/2-1/2

[Event "22nd ch-EUR Indiv 2022"]
[Site "Terme Catez SLO"]
[Date "2022.04.05"]
[Round "10.53"]
[White "Kjartansson, Gudmundur"]
[Black "Alonso Rosell, Alvar"]
[Result "1/2-1/2"]
[WhiteTitle "GM"]
[BlackTitle "GM"]
[WhiteElo "2450"]
[BlackElo "2565"]
[WhiteFideId "2301318"]
[BlackFideId "2270544"]
[EventDate "2022.03.27"]

1. d4 Nf6 2. Nf3 e6 3. g3 b5 4. Bg5 Bb7 5. Nbd2 d5 6. Bxf6 gxf6 7. e3 a6 8. a4
b4 9. Nb3 c5 10. dxc5 Nd7 11. c6 Bxc6 12. Nfd4 Bb7 13. Qh5 Qb6 14. g4 Rc8 15. a5
Qd6 16. f4 e5 17. Nf5 Qe6 18. Bd3 Nc5 19. Nxc5 Rxc5 20. O-O Rg8 21. h3 h6 22.
fxe5 fxe5 23. Nd4 Qe7 24. Nf5 Qe6 25. Nd4 Qe7 26. Nf5 Qe6 27. Rf2 Rg5 28. Qh4 e4
29. Be2 Rc7 30. Raf1 Qg6 31. Qg3 Qc6 32. Qe5+ Kd8 33. Qh8 Qe8 34. Bxa6 Bxa6 35.
Qf6+ Kc8 36. Qxa6+ Kb8 37. Nd4 Bc5 38. Rf6 Qe5 39. Qb5+ Kc8 40. Qa6+ Kb8 41. Kg2
Bxd4 42. exd4 Rxc2+ 43. R1f2 Rxf2+ 44. Rxf2 Qc7 45. Qxh6 Rg8 46. Qf4 Rc8 47. Kg3
b3 48. Qxc7+ Rxc7 49. Rf6 Rc2 50. Rb6+ Ka7 51. Rxb3 Rd2 52. h4 Rxd4 53. h5 Rd1
54. Kf4 Rf1+ 55. Ke5 Rf3 56. Rb4 e3 57. Kxd5 f5 58. Kc6 Rf4 59. Rb7+ Ka6 60. Re7
Re4 61. Rxe4 fxe4 62. h6 e2 63. h7 e1=Q 64. h8=Q Qc1+ 65. Kd5 e3 66. Ke4 e2 67.
Qa8+ Kb5 68. Qb7+ Ka4 69. Qd7+ Kb4 70. Qb7+ Ka4 71. Qd7+ Kb4 72. Qb7+ 1/2-1/2

[Event "22nd ch-EUR Indiv 2022"]
[Site "Terme Catez SLO"]
[Date "2022.04.05"]
[Round "10.55"]
[White "Kelires, Andreas"]
[Black "Beydullayeva, Govhar"]
[Result "0-1"]
[WhiteTitle "GM"]
[BlackTitle "WIM"]
[WhiteElo "2536"]
[BlackElo "2308"]
[WhiteFideId "5900727"]
[BlackFideId "13413015"]
[EventDate "2022.03.27"]

1. d4 Nf6 2. c4 e6 3. g3 d5 4. Bg2 Bb4+ 5. Nd2 O-O 6. Nf3 b6 7. O-O Bb7 8. Ne5
Nbd7 9. Qa4 Bxd2 10. Bxd2 Nxe5 11. dxe5 Nd7 12. cxd5 Bxd5 13. Rfd1 Nc5 14. Qg4
f5 15. exf6 Qxf6 16. Be3 Rad8 17. f3 h6 18. Bd4 e5 19. Bc3 Qe7 20. Qh5 Rfe8 21.
e4 Bf7 22. Qh4 Qxh4 23. gxh4 Rxd1+ 24. Rxd1 Na4 25. a3 Nxc3 26. bxc3 Be6 27. Bf1
Kf7 28. Kf2 Ke7 29. Be2 Rd8 30. Rxd8 Kxd8 31. f4 exf4 32. h5 Bf7 33. Bg4 Ke7 34.
Kf3 Be6 35. a4 Bxg4+ 36. Kxg4 Ke6 37. Kxf4 a6 38. e5 b5 39. a5 c5 40. Ke4 b4 41.
cxb4 cxb4 42. Kd4 b3 43. Kc3 Kxe5 44. Kxb3 Kd5 45. Kb4 Kd4 46. h4 Kd5 47. Kc3
Kc5 48. Kd3 Kb5 49. Ke4 Kxa5 50. Kf5 Kb5 51. Kg6 a5 52. Kxg7 a4 53. Kxh6 a3 54.
Kh7 a2 55. h6 a1=Q 56. h5 Qf6 0-1

[Event "22nd ch-EUR Indiv 2022"]
[Site "Terme Catez SLO"]
[Date "2022.04.05"]
[Round "10.56"]
[White "Krastev, Alexander"]
[Black "Halkias, Stelios"]
[Result "1/2-1/2"]
[WhiteTitle "FM"]
[BlackTitle "GM"]
[WhiteElo "2409"]
[BlackElo "2527"]
[WhiteFideId "12989983"]
[BlackFideId "4201809"]
[EventDate "2022.03.27"]

1. e4 e5 2. Nc3 Nf6 3. f4 d5 4. fxe5 Nxe4 5. Qf3 Nc6 6. Bb5 Nxc3 7. dxc3 Qh4+ 8.
g3 Qe4+ 9. Qxe4 dxe4 10. Ne2 Bd7 11. Bxc6 Bxc6 12. Rf1 Bc5 13. Nd4 Bd7 14. Rf4
O-O 15. Rxe4 Rfe8 16. Bf4 Bg4 17. Kf2 Bf5 18. Re3 Bh3 19. Kf3 h5 20. Bg5 Kh7 21.
Rae1 Kg6 22. Bf4 Rad8 23. Rd3 Bb6 24. b4 c5 25. Nb5 Bf5 26. Rd6+ Kh7 27. Rxd8
Rxd8 28. Nd6 Be6 29. a3 c4 30. Ke4 Rd7 31. Rd1 Kg6 32. Rd2 Re7 33. Be3 Bc7 34.
Bf4 Bb8 35. h4 a6 36. a4 f6 37. exf6 gxf6 38. Kf3 Bg4+ 39. Kf2 Bxd6 40. Bxd6 Rd7
41. Ke3 Bf5 42. a5 1/2-1/2

[Event "22nd ch-EUR Indiv 2022"]
[Site "Terme Catez SLO"]
[Date "2022.04.05"]
[Round "10.57"]
[White "Kulaots, Kaido"]
[Black "Uruci, Endrit"]
[Result "0-1"]
[WhiteTitle "GM"]
[BlackTitle "FM"]
[WhiteElo "2527"]
[BlackElo "2304"]
[WhiteFideId "4500261"]
[BlackFideId "22100199"]
[EventDate "2022.03.27"]

1. e4 c5 2. Nf3 Nc6 3. Bb5 g6 4. O-O Bg7 5. c3 Nf6 6. Re1 O-O 7. h3 Qb6 8. a4 d5
9. e5 Ne8 10. d4 cxd4 11. cxd4 Nc7 12. Nc3 Be6 13. Bg5 h6 14. Be3 Nxb5 15. axb5
Na5 16. Nd2 Rfc8 17. Ra4 a6 18. Rb4 Nc6 19. Rb3 Na5 20. Na4 Qd8 21. Rb4 Bd7 22.
bxa6 Bxa4 23. Qxa4 Rxa6 24. Rxb7 Rca8 25. Rb5 Nc4 26. Qb3 Nxe3 27. Qxe3 e6 28.
Nb3 Rb8 29. Rxb8 Qxb8 30. Nc5 Ra5 31. Qc3 Rb5 32. Rb1 Bf8 33. b4 Be7 34. g3 Kg7
35. h4 h5 36. Kf1 Qa8 37. Ra1 Qb8 38. Ra4 Rxc5 39. bxc5 Qb5+ 40. Kg2 Qxa4 41. c6
Bd8 42. c7 Bxc7 43. Qxc7 Qxd4 44. f4 Qe4+ 45. Kf2 d4 46. Qd8 Qe3+ 47. Kg2 Qe2+
48. Kg1 Qf3 0-1

[Event "22nd ch-EUR Indiv 2022"]
[Site "Terme Catez SLO"]
[Date "2022.04.05"]
[Round "10.58"]
[White "Salimova, Nurgyul"]
[Black "Valsecchi, Alessio"]
[Result "1-0"]
[WhiteTitle "IM"]
[BlackTitle "GM"]
[WhiteElo "2399"]
[BlackElo "2524"]
[WhiteFideId "2915138"]
[BlackFideId "818860"]
[EventDate "2022.03.27"]

1. d4 Nf6 2. Nf3 g6 3. Nbd2 d5 4. e3 Bg7 5. b4 O-O 6. c4 a5 7. b5 a4 8. Ba3 c6
9. Rc1 Bg4 10. cxd5 cxb5 11. d6 exd6 12. Bxb5 Qa5 13. Bd3 Bxf3 14. gxf3 Rd8 15.
Kf1 Nc6 16. h4 Bf8 17. Kg2 Nd5 18. Ne4 Ncb4 19. Bc4 b5 20. Bxb4 Nxb4 21. Bxf7+
Kxf7 22. h5 Bg7 23. hxg6+ hxg6 24. Ng5+ Kg8 25. a3 Rdc8 26. Rxc8+ Rxc8 27. axb4
Qd8 28. f4 Qd7 29. Kg3 Qc6 30. Qg4 Re8 31. Qh3 Kf8 32. f5 Qc2 33. Ne6+ Kf7 34.
Nxg7 Rg8 35. f6 Qe4 36. Qd7+ Kxf6 37. Rh4 Rxg7 38. Qxg7+ Kxg7 39. Rxe4 Kf7 40.
Rh4 1-0

[Event "22nd ch-EUR Indiv 2022"]
[Site "Terme Catez SLO"]
[Date "2022.04.05"]
[Round "10.59"]
[White "Pasti, Aron"]
[Black "Beliavsky, Alexander G"]
[Result "1/2-1/2"]
[WhiteTitle "FM"]
[BlackTitle "GM"]
[WhiteElo "2398"]
[BlackElo "2518"]
[WhiteFideId "785857"]
[BlackFideId "14602377"]
[EventDate "2022.03.27"]

1. e4 c6 2. d4 d5 3. Nc3 dxe4 4. Nxe4 Bf5 5. Ng3 Bg6 6. h4 h6 7. Nf3 Nf6 8. h5
Bh7 9. Bd3 Bxd3 10. Qxd3 e6 11. Bd2 c5 12. O-O-O Nc6 13. Be3 Qa5 14. Qb3 O-O-O
15. Ne5 Qc7 16. Nxc6 Qxc6 17. Qa3 cxd4 18. Qxa7 Bc5 19. Qa8+ Kd7 20. Qa5 Ra8 21.
Qc3 Nd5 22. Qb3 dxe3 23. c4 Qb6 24. Ne4 e2 25. Rd3 Rhc8 26. Kd2 Qb4+ 27. Nc3
Qxb3 28. axb3 Bxf2 29. Kxe2 Bc5 30. cxd5 e5 31. Rg3 Bf8 32. Rf1 f6 33. Kd3 Ke8
34. b4 Kf7 35. Rg4 Rc7 36. Kc2 Rac8 37. Kb3 Ke8 38. Rf3 Kd8 39. Re4 Ra8 40. Rxe5
Ra1 41. Re6 Re7 42. Rd6+ Rd7 43. Re6 Re7 44. Rd6+ Rd7 45. Re6 1/2-1/2

[Event "22nd ch-EUR Indiv 2022"]
[Site "Terme Catez SLO"]
[Date "2022.04.05"]
[Round "10.60"]
[White "Koelle, Tobias"]
[Black "Zelcic, Robert"]
[Result "0-1"]
[WhiteTitle "FM"]
[BlackTitle "GM"]
[WhiteElo "2378"]
[BlackElo "2513"]
[WhiteFideId "16207378"]
[BlackFideId "14500310"]
[EventDate "2022.03.27"]

1. d4 Nf6 2. c4 e6 3. Nf3 d5 4. Nc3 dxc4 5. e4 b5 6. e5 Nd5 7. Nxb5 Nb6 8. Be3
Nc6 9. Be2 Bb7 10. a3 Qd7 11. Nc3 Ne7 12. O-O Nf5 13. b3 cxb3 14. Qxb3 Be7 15.
Bb5 c6 16. Be2 O-O 17. Ne4 Qd5 18. Qc2 c5 19. Nxc5 Rac8 20. Rac1 h6 21. Rfd1 Rc7
22. Qb1 Rfc8 23. Nxb7 Nxe3 24. fxe3 Qxb7 25. Rxc7 Qxc7 26. Ba6 Rb8 27. Rc1 Qd8
28. Qd3 Nd5 29. Bc4 Rc8 30. Rc2 Nb6 31. Nd2 Qf8 32. Bb3 Bxa3 33. Kf2 Bb4 34. Ne4
a5 35. Qb5 Rxc2+ 36. Bxc2 Qd8 37. g3 Nd5 38. Nc5 Bd2 39. Qd3 Bxe3+ 40. Ke2 Kf8
41. Qh7 Ke7 42. Qxg7 Qb6 43. Qf8+ Kxf8 44. Nd7+ Ke7 45. Nxb6 Bxd4 46. Nc4 Bb6
47. h4 Bc7 48. Kf3 Kf8 49. g4 Kg7 50. Bd1 Ne7 51. Ke4 Ng6 52. h5 Nf8 53. Kd4 f6
54. exf6+ Kxf6 55. Kc5 Ke7 56. Kc6 Bd8 57. Bc2 Kf6 58. Nd6 Be7 59. Nc4 Bb4 60.
Nb6 Kg5 61. Bd1 Kf4 62. Nc4 Nh7 63. Kd7 Ng5 64. Kc6 e5 65. Kd5 Ne4 66. Ke6 Nc3
67. Bc2 e4 68. Kf6 Kxg4 69. Kg6 Bf8 70. Nxa5 e3 71. Bd3 e2 72. Bxe2+ Nxe2 73.
Nc4 Nf4+ 74. Kf7 Bb4 75. Kf6 Bc3+ 76. Kf7 Kxh5 77. Nd6 Kg4 78. Ne4 Bd4 79. Nd2
h5 80. Nf1 Bg1 81. Kf6 Bd4+ 82. Kf7 h4 83. Kg8 h3 84. Kh7 Kf3 85. Nh2+ Kg3 86.
Nf1+ Kg2 0-1

[Event "22nd ch-EUR Indiv 2022"]
[Site "Terme Catez SLO"]
[Date "2022.04.05"]
[Round "10.61"]
[White "Vetoshko, Volodymyr"]
[Black "Taichman, Ori"]
[Result "1-0"]
[WhiteTitle "GM"]
[BlackTitle "FM"]
[WhiteElo "2507"]
[BlackElo "2297"]
[WhiteFideId "14122480"]
[BlackFideId "2804069"]
[EventDate "2022.03.27"]

1. d4 Nf6 2. c4 g6 3. Nc3 Bg7 4. e4 d6 5. Be2 O-O 6. Be3 Nc6 7. d5 Ne5 8. f4
Neg4 9. Bd2 Nh6 10. Nf3 c6 11. a4 cxd5 12. cxd5 e6 13. dxe6 Bxe6 14. O-O Re8 15.
Kh1 d5 16. e5 d4 17. Nb5 d3 18. Bxd3 Qxd3 19. exf6 Bxf6 20. Nc7 Bxb2 21. Nxa8
Bc4 22. Nc7 Bxa1 23. Qxa1 Rc8 24. Re1 Ng4 25. Ne8 f6 26. Nxf6+ Nxf6 27. Qxf6 Bd5
28. Bc3 Qxc3 29. Re8+ Rxe8 30. Qxc3 Bxf3 31. gxf3 Rf8 32. Kg2 b6 33. Qc4+ Kg7
34. Qc7+ Rf7 35. Qe5+ Kg8 36. Kg3 Rf8 37. Kg4 Rf7 38. Qb8+ Kg7 39. f5 h5+ 40.
Kg3 gxf5 41. Kh4 Kf6 42. Qd6+ Kg7 43. Kxh5 Rf6 44. Qe7+ Rf7 45. Qe5+ Kh7 46. f4
a5 47. Qe6 Kg7 48. Qxb6 Kh8 49. Qd8+ Kh7 50. Qxa5 1-0

[Event "22nd ch-EUR Indiv 2022"]
[Site "Terme Catez SLO"]
[Date "2022.04.05"]
[Round "10.62"]
[White "Wachinger, Nikolas"]
[Black "Demuth, Adrien"]
[Result "1/2-1/2"]
[BlackTitle "GM"]
[WhiteElo "2376"]
[BlackElo "2496"]
[WhiteFideId "12962791"]
[BlackFideId "642274"]
[EventDate "2022.03.27"]

1. e4 e5 2. Nf3 Nc6 3. Bb5 a6 4. Ba4 f5 5. d4 exd4 6. e5 b5 7. Bb3 Bb7 8. a4 Na5
9. Bxg8 Rxg8 10. Nxd4 Qh4 11. O-O Bc5 12. Nf3 Qh5 13. axb5 axb5 14. Nc3 Nc4 15.
Rxa8+ Bxa8 16. Nxb5 Bxf3 17. gxf3 Qg6+ 18. Kh1 Qc6 19. Nxc7+ Kd8 20. Nd5 Re8 21.
Bf4 Nxb2 22. Qd2 Nc4 23. Qd3 Nxe5 24. Qb3 Bd6 25. Re1 Re6 26. Bxe5 Rxe5 27. Rd1
Qc5 28. Qb7 Ke8 29. Nb6 Qc7 30. Qa8+ Kf7 31. Qa2+ Re6 32. Nd5 Qc5 33. c4 Rh6 34.
f4 Rh3 35. Qe2 Qa3 36. Kg2 Rh6 37. Ne3 Qa8+ 38. f3 Bxf4 39. Rxd7+ Ke8 40. Nd5+
Kxd7 41. Qe7+ Kc6 42. Nb4+ Kb6 43. Nd5+ Kc6 44. Nb4+ Kb6 45. Nd5+ 1/2-1/2

[Event "22nd ch-EUR Indiv 2022"]
[Site "Terme Catez SLO"]
[Date "2022.04.05"]
[Round "10.63"]
[White "Milikow, Yoav"]
[Black "Dudin, Gleb"]
[Result "1-0"]
[WhiteTitle "FM"]
[BlackTitle "IM"]
[WhiteElo "2349"]
[BlackElo "2477"]
[WhiteFideId "2822237"]
[BlackFideId "34184934"]
[EventDate "2022.03.27"]

1. d4 Nf6 2. c4 e6 3. Nc3 Bb4 4. Qc2 d5 5. a3 Bxc3+ 6. Qxc3 c5 7. dxc5 d4 8. Qg3
Nc6 9. Nf3 e5 10. b4 e4 11. Nd2 O-O 12. e3 Bg4 13. Bb2 Re8 14. h3 Bh5 15. Qd6
Qc8 16. Nb3 dxe3 17. fxe3 a5 18. b5 a4 19. Bxf6 gxf6 20. bxc6 axb3 21. Qd5 b2
22. Rb1 Rxa3 23. Rxb2 Qc7 24. Kf2 Rxe3 25. Qxh5 Qf4+ 26. Kg1 bxc6 27. Rb7 Rf8
28. Qg4+ Qg5 29. Re7 Rd8 30. Qxg5+ fxg5 31. Kf2 Ra3 32. Rxe4 Rd1 33. h4 f5 34.
Re5 g4 35. Rxf5 g3+ 36. Kg1 Kg7 37. Rh3 Kh6 38. Rf3 1-0

[Event "22nd ch-EUR Indiv 2022"]
[Site "Terme Catez SLO"]
[Date "2022.04.05"]
[Round "10.64"]
[White "Mirzoev, Emil"]
[Black "Prokofiev, Valentyn"]
[Result "1-0"]
[WhiteTitle "GM"]
[WhiteElo "2475"]
[BlackElo "2287"]
[WhiteFideId "14108640"]
[BlackFideId "14160161"]
[EventDate "2022.03.27"]

1. Nf3 c5 2. e4 e6 3. c3 Nf6 4. Bd3 Nc6 5. Bc2 d5 6. e5 Nd7 7. d4 f6 8. Ng5
Ndxe5 9. dxe5 fxg5 10. Qh5+ Kd7 11. Bxg5 Be7 12. Bxe7 Qxe7 13. O-O Kc7 14. Nd2
Bd7 15. a3 Raf8 16. b4 Qf7 17. Qe2 Qf4 18. Rae1 c4 19. g3 Qh6 20. f4 Be8 21. Qe3
b6 22. a4 Bg6 23. Bxg6 Qxg6 24. a5 Qf5 25. Nf3 h6 26. Ra1 g5 27. fxg5 hxg5 28.
Nxg5 Qg6 29. axb6+ axb6 30. b5 Nd8 31. h4 Nb7 32. Rf6 Rxf6 33. exf6 Qxf6 34. Rf1
d4 35. cxd4 Qh6 36. Qe5+ Kc8 37. Rf7 1-0

[Event "22nd ch-EUR Indiv 2022"]
[Site "Terme Catez SLO"]
[Date "2022.04.05"]
[Round "10.65"]
[White "Bethke, Richard"]
[Black "Holm, Kristian Stuvik"]
[Result "1/2-1/2"]
[WhiteTitle "FM"]
[BlackTitle "IM"]
[WhiteElo "2327"]
[BlackElo "2468"]
[WhiteFideId "12959243"]
[BlackFideId "1508083"]
[EventDate "2022.03.27"]

1. e4 e6 2. d4 d5 3. Nd2 c5 4. exd5 Qxd5 5. Ngf3 cxd4 6. Bc4 Qd7 7. O-O Nc6 8.
Nb3 a6 9. a4 Nf6 10. Bf4 Bd6 11. Bxd6 Qxd6 12. Nbxd4 Nxd4 13. Qxd4 Qxd4 14. Nxd4
Bd7 1/2-1/2

[Event "22nd ch-EUR Indiv 2022"]
[Site "Terme Catez SLO"]
[Date "2022.04.05"]
[Round "10.66"]
[White "Van Dael, Siem"]
[Black "Yilmazyerli, Mert"]
[Result "0-1"]
[WhiteTitle "FM"]
[BlackTitle "IM"]
[WhiteElo "2307"]
[BlackElo "2466"]
[WhiteFideId "1049771"]
[BlackFideId "6305962"]
[EventDate "2022.03.27"]

1. e4 c5 2. Nf3 Nc6 3. d4 cxd4 4. Nxd4 g6 5. c4 Nf6 6. Nc3 d6 7. Be2 Nxd4 8.
Qxd4 Bg7 9. Bg5 O-O 10. Qe3 Be6 11. O-O Qa5 12. Rac1 Rfc8 13. b3 a6 14. Na4 Nd7
15. Bxe7 b5 16. Nc3 bxc4 17. Bxc4 Bxc4 18. bxc4 Rxc4 19. Nd5 Qxa2 20. Rxc4 Qxc4
21. Bxd6 Re8 22. Qa7 Nf8 23. Ne7+ Kh8 24. Nd5 Qxe4 25. Qxf7 Rd8 26. Nf6 Qe6 27.
Qxe6 Nxe6 28. Ne4 a5 29. f4 a4 30. g4 Bb2 31. f5 Nf8 32. Be7 Ra8 33. Ng5 a3 34.
f6 h6 35. Nf7+ Kh7 36. Bxa3 Rxa3 37. g5 hxg5 38. Nxg5+ Kg8 39. Kg2 Ra6 40. f7+
Kg7 41. h4 Bf6 42. Nf3 Ra5 43. Kg3 Kxf7 44. Rb1 Ne6 45. Rb7+ Be7 46. Kg4 Kf6 47.
Rb6 Ra4+ 48. Kg3 Bc5 49. Rc6 Kf5 50. Ng5 Rg4+ 51. Kh3 Nxg5+ 52. hxg5 Rc4 0-1

[Event "22nd ch-EUR Indiv 2022"]
[Site "Terme Catez SLO"]
[Date "2022.04.05"]
[Round "10.67"]
[White "Markoja, Boris"]
[Black "Milikow, Elie"]
[Result "1/2-1/2"]
[WhiteTitle "IM"]
[BlackTitle "CM"]
[WhiteElo "2461"]
[BlackElo "2256"]
[WhiteFideId "14608502"]
[BlackFideId "371281868"]
[EventDate "2022.03.27"]

1. d4 Nf6 2. c4 e6 3. g3 Bb4+ 4. Nd2 c5 5. Nf3 Nc6 6. dxc5 Bxc5 7. Nb3 Bb4+ 8.
Bd2 Ne4 9. Bg2 Nxd2 10. Nfxd2 O-O 11. O-O d5 12. Rc1 Be7 13. cxd5 exd5 14. Nb1
Be6 15. Nc3 d4 16. Na4 Bd5 17. e4 Bxb3 18. Qxb3 Rb8 19. Nc5 Na5 20. Qd5 Bxc5 21.
Rxc5 Nc6 22. a3 Qe7 23. Qc4 Rfd8 24. Rd5 g6 25. Qd3 Qf6 26. Rd1 Rd6 27. f4 Rxd5
28. exd5 Ne7 29. Qxd4 Qxd4+ 30. Rxd4 Nf5 31. Rc4 Nd6 32. Rc7 Ne8 33. Rd7 Nf6 34.
Re7 Ne8 35. d6 Nxd6 36. Rd7 Nc4 37. Bd5 Nb6 38. Bxf7+ Kf8 39. Rc7 Na8 40. Rd7
Nb6 1/2-1/2

[Event "22nd ch-EUR Indiv 2022"]
[Site "Terme Catez SLO"]
[Date "2022.04.05"]
[Round "10.68"]
[White "Urh, Zala"]
[Black "Thybo, Jesper Sondergaard"]
[Result "0-1"]
[WhiteTitle "WIM"]
[BlackTitle "GM"]
[WhiteElo "2307"]
[BlackElo "2590"]
[WhiteFideId "14611481"]
[BlackFideId "1438832"]
[EventDate "2022.03.27"]

1. d4 g6 2. c4 Bg7 3. g3 c5 4. d5 b5 5. cxb5 Qa5+ 6. Nd2 Nf6 7. Bg2 Qxb5 8. e4
d6 9. Ne2 Ba6 10. Nc3 Qa5 11. Bf1 O-O 12. Bxa6 Qxa6 13. Qe2 Nfd7 14. Nc4 Nb6 15.
Nxb6 axb6 16. Nb5 Qa4 17. O-O Nd7 18. Bg5 Nf6 19. Nc3 Qa6 20. Rfe1 h6 21. Bd2
Qxe2 22. Rxe2 b5 23. Nxb5 Rfb8 24. Nc3 Rxb2 25. Rc1 Ng4 26. a4 Bxc3 27. Rxc3
Rxa4 28. f3 Ne5 29. Kf2 Raa2 30. Ke3 Nxf3 31. Kxf3 Rxd2 32. Rxd2 Rxd2 33. h4 f5
34. exf5 gxf5 35. Re3 Kf7 36. Re6 c4 37. Rxh6 c3 38. Rh8 Rxd5 39. Rc8 Rc5 40.
Rxc5 dxc5 41. Ke2 c4 42. Kd1 e5 43. Kc2 f4 0-1

[Event "22nd ch-EUR Indiv 2022"]
[Site "Terme Catez SLO"]
[Date "2022.04.05"]
[Round "10.69"]
[White "Barp, Alberto"]
[Black "Donchenko, Alexander"]
[Result "0-1"]
[WhiteTitle "IM"]
[BlackTitle "GM"]
[WhiteElo "2388"]
[BlackElo "2636"]
[WhiteFideId "872555"]
[BlackFideId "24603295"]
[EventDate "2022.03.27"]

1. d4 Nf6 2. c4 e6 3. Nf3 c5 4. d5 b5 5. e4 Nxe4 6. Bd3 Nf6 7. Nc3 bxc4 8. Bxc4
Ba6 9. Bxa6 Nxa6 10. O-O Qc8 11. dxe6 fxe6 12. Bg5 Be7 13. Ne5 Qb7 14. Qe2 d5
15. Ng4 Nc7 16. Bf4 d4 17. Bxc7 Qxc7 18. Ne4 Nd5 19. Qb5+ Kf7 20. h4 Rhf8 21.
Rac1 Rab8 22. Qe2 Nf4 23. Qd2 Kg8 24. g3 h5 25. Nh2 Qb7 26. Rce1 Nd5 27. Ng5
Qxb2 28. Qd1 Bxg5 29. hxg5 g6 30. Qd3 Kh7 31. Rxe6 Rf5 32. Nf3 Qc3 33. Qa6 Qxf3
34. Rxg6 Rb6 35. Rh6+ Kg7 36. Qc8 Rxh6 37. gxh6+ Kh7 0-1

[Event "22nd ch-EUR Indiv 2022"]
[Site "Terme Catez SLO"]
[Date "2022.04.05"]
[Round "10.70"]
[White "Vocaturo, Daniele"]
[Black "Juksta, Karolis"]
[Result "1-0"]
[WhiteTitle "GM"]
[BlackTitle "FM"]
[WhiteElo "2614"]
[BlackElo "2378"]
[WhiteFideId "813192"]
[BlackFideId "12809039"]
[EventDate "2022.03.27"]

1. e4 e6 2. d4 d5 3. Nc3 Nf6 4. e5 Nfd7 5. f4 c5 6. Nf3 Nc6 7. Be3 Be7 8. Qd2
O-O 9. dxc5 Qa5 10. a3 Bxc5 11. O-O-O Rd8 12. Bxc5 Nxc5 13. Qe3 Qb6 14. Nd4 Ne4
15. Be2 Nxc3 16. Qxc3 Bd7 17. Nf3 Rac8 18. Bd3 Na5 19. Qb4 Qe3+ 20. Kb1 Nc6 21.
Qd2 Qxd2 22. Rxd2 Rb8 23. Rc1 b5 24. c3 Rdc8 25. b4 h6 26. Kb2 Kf8 27. h4 Ke7
28. h5 a5 29. Re1 Rc7 30. Bc2 Na7 31. Nd4 Nc8 32. Bb3 Ra8 33. g4 Nb6 34. Rdd1
Rca7 35. g5 Rh8 36. Rh1 Raa8 37. Rdg1 a4 38. Ba2 Raf8 39. Rh4 Rhg8 40. Nf3 Be8
41. Kc1 Bc6 42. Kd2 Rc8 43. Nd4 Bd7 44. Rh2 Rcf8 45. Rg3 Rc8 46. Ke2 Rcf8 47.
Ke3 Rc8 48. Kf2 Rcf8 49. Kf3 Rc8 50. Kg4 Rh8 51. Rhh3 Rc7 52. Kh4 Rcc8 53. Rf3
Rcg8 54. Kg3 Rc8 55. Kf2 Rcf8 56. Ke2 Rc8 57. Rfg3 Rhg8 58. Rh1 Rcf8 59. Kd2 Rc8
60. Rhg1 Rh8 61. g6 f5 62. exf6+ Kxf6 63. Re1 Rhe8 64. Rge3 Rcd8 65. Re5 Rc8 66.
Nc2 Rc4 67. Bxc4 Nxc4+ 68. Kd3 Nxe5+ 69. fxe5+ Kg5 70. Rf1 Kxh5 71. Rf7 Rd8 72.
Rxg7 Be8 73. Nd4 Bxg6+ 74. Ke3 Rc8 75. Nxb5 Rc4 76. Kd2 Rh4 77. Nd4 Rh2+ 78. Ke1
Ra2 79. Nxe6 Rxa3 80. Nf4+ Kg5 81. Nxg6 Kf5 82. Kd2 Rb3 83. Kc2 1-0

[Event "22nd ch-EUR Indiv 2022"]
[Site "Terme Catez SLO"]
[Date "2022.04.05"]
[Round "10.71"]
[White "Risteski, Emil"]
[Black "Pultinevicius, Paulius"]
[Result "1/2-1/2"]
[WhiteTitle "FM"]
[BlackTitle "GM"]
[WhiteElo "2374"]
[BlackElo "2546"]
[WhiteFideId "15005267"]
[BlackFideId "12809390"]
[EventDate "2022.03.27"]

1. e4 c5 2. Nf3 Nc6 3. Bb5 e6 4. O-O Nge7 5. d4 cxd4 6. Nxd4 Ng6 7. Be3 a6 8.
Be2 Be7 9. c4 b6 10. Nc3 O-O 11. Nxc6 dxc6 12. Qxd8 Bxd8 13. c5 bxc5 14. Bxc5
Re8 15. f4 e5 16. f5 Nf8 17. Rac1 Bg5 18. Rc2 Nd7 19. Bf2 Bb7 20. h4 Be7 21. Rd1
Nf6 22. g4 c5 23. Bf3 h6 24. Be3 Rad8 25. Rxd8 Rxd8 26. g5 hxg5 27. hxg5 Nh7 28.
Rg2 c4 29. f6 Bb4 30. Nd5 Bxd5 31. exd5 c3 32. Be4 cxb2 33. Rxb2 Bc3 34. Rb7 Nf8
35. g6 1/2-1/2

[Event "22nd ch-EUR Indiv 2022"]
[Site "Terme Catez SLO"]
[Date "2022.04.05"]
[Round "10.72"]
[White "Kalogeris, Ioannis"]
[Black "David, Alberto"]
[Result "1-0"]
[WhiteTitle "FM"]
[BlackTitle "GM"]
[WhiteElo "2368"]
[BlackElo "2545"]
[WhiteFideId "4239563"]
[BlackFideId "4000013"]
[EventDate "2022.03.27"]

1. d4 Nf6 2. c4 Nc6 3. Nc3 e5 4. d5 Ne7 5. g3 Ng6 6. h4 h5 7. Nf3 Bb4 8. Qc2 c6
9. Bg5 cxd5 10. cxd5 Qa5 11. Bxf6 gxf6 12. Nd2 d6 13. e4 f5 14. exf5 Ne7 15. Bh3
Qa6 16. Nde4 Kf8 17. Qe2 Qxe2+ 18. Kxe2 Nxf5 19. Nb5 Rh6 20. a3 Bd7 21. Bxf5
Bxf5 22. axb4 Bxe4 23. Rhc1 Rf6 24. Nc7 Rb8 25. Rxa7 Bf3+ 26. Ke1 Rg6 27. Rc3
Bh1 28. Kf1 Kg8 29. b5 Rf6 30. b6 Kh7 31. Rca3 e4 32. Ke2 Bf3+ 33. Ke1 Bg4 34.
R7a4 Bf3 35. Ra8 Rxa8 36. Rxa8 Bg4 37. Ne8 Rf5 38. Rd8 Rf3 39. Rxd6 Rb3 40. Nf6+
Kg7 41. Nxg4 hxg4 42. h5 Rxb2 43. h6+ Kh7 44. Rf6 1-0